000 00537nam a2200217Ia 4500
003 OSt
005 20220928145447.0
006 a|||||r|||| 00| 0
007 ta
008 220927b |||||||| |||| 00| 0 eng d
024 _a80631
037 _cTextual
040 _aSDCL
_cSDCL
_beng
041 _2eng
_aeng
082 _aS:4-86, P4
100 _aClak David A
_9512998
245 0 _aCognitive-behavioral therapy for OCD
260 _c2004
942 _hS:4-86, P4
_cTEXL
_2CC
999 _c833649
_d833649